Tổng tập lược truyện các tể tướng trong lịch sử Trung Quốc

שמור ב:
מידע ביבליוגרפי
מחבר ראשי: Chu Thiệu Hầu
פורמט: ספר
שפה:Undetermined
יצא לאור: H. VHTT 2003
נושאים:
תגים: הוספת תג
אין תגיות, היה/י הראשונ/ה לתייג את הרשומה!
Thư viện lưu trữ: Trung tâm Học liệu Trường Đại học Cần Thơ
LEADER 00612nam a2200181Ia 4500
001 CTU_56664
008 210402s9999 xx 000 0 und d
020 |b 165 
082 |a 895.13081 
082 |b H125/T1 
100 |a Chu Thiệu Hầu 
245 0 |a Tổng tập lược truyện các tể tướng trong lịch sử Trung Quốc 
245 0 |c Chu Thiệu Hầu; Nguyễn Gia Phu và Nguyễn Danh Đạt biên dịch 
260 |a H. 
260 |b VHTT 
260 |c 2003 
650 |a historical fiction, chinese 
980 |a Trung tâm Học liệu Trường Đại học Cần Thơ